000
00325nam a2200133Ia 4500
005
20251222152609.0
008
251222s9999||||xx |||||||||||||| ||spa||
082
_a
657/R71
100
_a
Robert, Anthony
245
0
_a
Contabilidad para la Dirección
250
_a
2da.ed.
264
_b
"El Ateneo" Buenos Aire
942
_c
LIB
999
_c
26890
_d
26890